Astronomy : (Record no. 11691)

000 -LEADER
fixed length control field 00511cam a2200169 a 4500
020 ## - INTERNATIONAL STANDARD BOOK NUMBER
ISBN 0801674492
040 ## - CATALOGING SOURCE
Transcribing agency DLC
082 00 - DEWEY DECIMAL CLASSIFICATION NUMBER
Classification number 520 MOS 1995 A030 Or.
100 1# - MAIN ENTRY--AUTHOR NAME
Personal name Fix, John D.
245 10 - TITLE STATEMENT
Title Astronomy :
Remainder of title journey to the cosmic frontier /
250 ## - EDITION STATEMENT
Edition statement 1st ed.
260 ## - PUBLICATION, DISTRIBUTION, ETC. (IMPRINT)
Place of publication St. Louis :
Name of publisher Mosby,
Year of publication c1995.
300 ## - PHYSICAL DESCRIPTION
Number of Pages 1 v. (various pagings) :
Other physical details ill. (some col.), col. maps ;
Dimensions 29 cm.
500 ## - GENERAL NOTE
General note Includes special glasses in pocket for viewing stereoscopic drawings.
650 #0 - SUBJECT ADDED ENTRY--TOPICAL TERM
Topical Term Astronomy.
942 ## - ADDED ENTRY ELEMENTS (KOHA)
Koha item type សៀវភៅភាសាអង់គ្លេស
952 ## - LOCATION AND ITEM INFORMATION (KOHA)
Withdrawn status [LOCAL, KOHA] 0
Holdings
Permanent Location Date acquired Koha item type Lost status Shelving location Barcode Current Location Full call number
Library Block A2017-08-04សៀវភៅភាសាអង់គ្លេស A030A14595Library Block A520 MOS 1995 A030 Or.
មជ្ឈមណ្ឌលឯការនៃសាកលវិទ្យាល័យភូមិន្ទកសិកម្មចំការដូង

Powered by Koha